000 00534nam a2200169 i 4500
001 bg
100 1 _aGERSTMANN, Krzysztof.
245 1 0 _aMateriały do ćwiczeń z meterologii i oceanografii.
_nCz. 1,
_pMeteorologia /
_cKrzysztof Gerstmann.
260 _aGdynia :
_b[Wydaw. Uczeln. WSM],
_c1983.
300 _as. 204 :
_brys., tab., tabl. nlb. 12, mapy.
504 _a[Zawiera bibliogr. s. 202-204].
040 _cBPK
041 _apol
080 _a551.5+551.45(075.8)
942 _cKS
008 s pl f |000 0 pol
999 _c22127
_d22127
856 _uhttp://koha.tu.koszalin.pl/cgi-bin/koha/opac-detail.pl?biblionumber=22127
_yKatalog online BPK